000 00505nam a2200181Ia 4500
005 20250326123926.0
008 250326s9999 xx 000 0 und d
037 _aTextbook
040 _aFMSL
_beng
_cFMSL
041 _aeng
_2eng
084 _aSNI:172 K9
_qFMSL
100 _aPribram K H
_9736107
245 0 _aBrain and behaviour 1: mood, states and mind
_cPribram K H
260 _aUSA
_bUSA, Penguin
_c1969
300 _a496p
942 _cTB
_hSNI:172 K9
999 _c1271501
_d1271501